LEADER 01581nam--2200421---450- 001 990001061490203316 005 20020417130501.0 011 $a0272-5053 035 $a0106149 035 $aUSA010106149 035 $a(ALEPH)000106149USA01 035 $a0106149 100 $a20020327d1968----km-y0itay0103----ba 101 $aeng 102 $aUS 110 $aaka-------- 200 1 $aProceedings of the American society of international law at the meetings of its executive council 207 $aApr. 27, 1918 and Apr. 17, 1919-Nov. 13, 1920 210 $aNew York$cKraus reprint$d1968 215 $a3 v.$d24 cm 300 $aRipr. facs. dell'ed.: Washington : The Society, 1919-1921 326 $aAnnuale 430 1$10010106148$12001$aProceedings of the American society of international law at its...annual meeting 440 1$1001$12001$aProceedings of the American society of international law at its annual meeting 606 0 $aDiritto internazionale$xPeriodici 676 $a341.05 712 02$aAmerican society of international law 801 0$aIT$bsalbc$gISBD 912 $a990001061490203316 958 $aGIU$bFONDO$cApr. 27, 1918 and Apr. 17, 1919-Nov. 13, 1920 959 $aSE 979 $aPATTY$b90$c20020327$lUSA01$h1028 979 $aPATTY$b90$c20020327$lUSA01$h1034 979 $c20020403$lUSA01$h1746 979 $aESTER$b90$c20020417$lUSA01$h1305 979 $aPATRY$b90$c20040406$lUSA01$h1713 996 $aProceedings of the American society of international law at the meetings of its executive council$9975852 997 $aUNISA